• 首页
  • 本馆介绍
  • 公告通知
  • 最新文献
  • 馆藏检索
  • 电子资源
  • 读者导购
  • 参考咨询
  • 我的图书馆
  • 登录
  • 详细信息显示
  • 放入我的书架
  • 预约/预借图书
  • 作者相关作品
  • 分类相关作品
  • 丛书相关作品
  • 出版社相关作品

书目信息

  • 表格格式
  • 工作单格式
  • 卡片格式
题名:
全球文化风暴
    
 
作者: 刘登阁 著
分册:  
出版信息: 北京   中国社会科学出版社  2000
页数: 300页
开本: 20cm
丛书名: 百年冲突回眸
单 册:
中图分类: G11
科图分类:
主题词: 文化事业--世界
电子资源:
ISBN: 7-5004-2678-X
000 00658nam0 2200229 45
001 0205201668
005 20031219104055.8
010    @a7-5004-2678-X@dCNY20.00
100    @a20020520d2000 km y0chiy0120 ea
101 0  @achi
105    @a z 000yy
200 1  @a全球文化风暴@AQuan Qiu Wen Hua Feng Bao@f刘登阁著@FLiu Deng Ge Zhu
210    @a北京@c中国社会科学出版社@d2000
215    @a300页@d20cm
225    @a百年冲突回眸@i文化卷@f徐衍主编
410    @12001 @a百年冲突回眸
410    @1700 0@a徐衍@AXu Yan@4主编
606 0  @a文化事业@x世界
690    @aG11@v4
701  0 @a刘登阁@4著
801    @aCN@bTSTC@c20020520
905    @b310480-484@dG11@e3@f5
    
    全球文化风暴/刘登阁著.-北京:中国社会科学出版社,2000
    300页;20cm.-(百年冲突回眸.文化卷/徐衍主编)
    
    
    ISBN 7-5004-2678-X:CNY20.00
    
●
相关链接 在E读中查询图书 在五车中查询图书 在当当中查询图书 在豆瓣中查询图书


正题名:全球文化风暴     索取号:G11/3         预约/预借

序号 登录号 条形码 馆藏地/架位号 状态 备注
1 0310480   203104808   第四借阅区/ [索取号:G11/3] 在馆    
2 0310481   203104817   第四借阅区/ [索取号:G11/3] 在馆    
3 0310482   203104826   第四借阅区/ [索取号:G11/3] 在馆    
4 0310483   203104835   第四借阅区/ [索取号:G11/3] 在馆    
5 0310484   203104844   第一样本阅览室/ [索取号:G11/3] 在馆    
唐山师范学院图书馆 欢迎您!
大连网信软件有限公司© 版权所有